000 00452nam a22001937a 4500
003 LK-CoMWRAF
005 20231025115843.0
008 231025b |||||||| |||| 00| 0 eng d
020 _a0002234122
040 _aLK-CoMWRAF
_dLK-CoMWRAF
_eLK-CoMWRAF
041 _aeng
082 _a823
_bTRE
100 _aTrenhaile, John
245 _aActs of betrayal
260 _bCollins,
_c1990
300 _a428p
650 _aEnglish Fiction
942 _cBK
999 _c3997
_d3997